| 000 -ლიდერი |
| ფიქსირებული სიგრძის საკონტროლო ველი |
01224nam a22002177a 4500 |
| 003 - საკონტროლო ნომრის იდენტიფიკატორი |
| საკონტროლო ველი |
Ge_BSU |
| 005 - ბოლო ოპერაციის თარიღი და დრო |
| საკონტროლო ველი |
20200115143427.0 |
| 008 - ფიქსირებული სიგრძის მონაცემთა ელემენტები - ზოგადი ინფორმაცია |
| ფიქსირებული სიგრძის საკონტროლო ველი |
200115s2019 ||||| |||| 00| 0 geo d |
| 020 ## - წიგნის საერთაშორისო სტანდარტული ნომერი |
| International Standard Book Number |
9789941266098 |
| 041 ## - ენის კოდი |
| Language code of text/sound track or separate title |
geo |
| 080 ## - უნივერსალური ათობითი კლასიფიკაციის ინდექსი |
| Universal Decimal Classification number |
338+63+796.5 ა-16 |
| 100 ## - მთავარი ჩანაწერი - პიროვნების სახელი |
| Personal name |
აბესაძე, თეიმურაზ. |
| 9 (RLIN) |
6124 |
| 245 ## - ცნობა სათაურის შესახებ |
| Title |
აჭარის სოფლად ტურიზმის ბიზნესის საქონლისა და მომსახურების ბაზრები : |
| Remainder of title |
სასწავლო - მეთოდური სახელმძღვანელო / |
| Statement of responsibility, etc |
თეიმურაზ აბესაძე ; სალომე ბესტაევა ; რედ. როსტომ ბერიძე. |
| 264 ## - წარმოების, გამოცემის, დისტრიბუციის და სხვა ცნობები |
| გამოცემის, წარმოების, დისტრიბუციის... ადგილი |
ბათუმი : |
| გამოცემის, წარმოების, დისტრიბუციის... სახელწოდება |
უნივერსალი, |
| გამოცემის, წარმოების, დისტრიბუციის... თარიღი |
2019. |
| 300 ## - ფიზიკური აღწერა |
| Extent |
82 გვ.: |
| Other physical details |
ცხრ.; |
| Dimensions |
25 სმ. |
| 546 ## - LANGUAGE NOTE |
| Language note |
დანართები რუსულ და ინგლისურ ენაზე. |
| 653 ## - INDEX TERM--UNCONTROLLED |
| Uncontrolled term |
ტურიზმი |
| 700 ## - ADDED ENTRY--PERSONAL NAME |
| Personal name |
ბესტაევა, სალომე |
| 9 (RLIN) |
6128 |
| 700 ## - ADDED ENTRY--PERSONAL NAME |
| Personal name |
ბერიძე, როსტომ |
| Relator term |
რედაქტორი |
| 9 (RLIN) |
1686 |
| 942 ## - ADDED ENTRY ELEMENTS (KOHA) |
| Source of classification or shelving scheme |
|
| Koha item type |
წიგნი |